000
00227 a2200097 4500
001
30537
100
_a
Morea
245
_a
Guidance, Selection and Training
260
_a
London
_b
Routledge & Kega Paul
_c
090
_c
20467
_d
20467
942
_a
NUST-CAE
_c
M
_c
11633
999
_c
265610
_d
265610